Drugs in sport (Record no. 75655)
[ view plain ]
| 000 -LEADER | |
|---|---|
| fixed length control field | 01098nam a2200217 a 4500 |
| 008 - FIXED-LENGTH DATA ELEMENTS--GENERAL INFORMATION | |
| fixed length control field | 120416s2000 ||||||||||||||||| || u |
| 020 ## - INTERNATIONAL STANDARD BOOK NUMBER | |
| International Standard Book Number | 1861681291 |
| 050 ## - LIBRARY OF CONGRESS CALL NUMBER | |
| Classification number | RC 1230 Dru |
| 100 ## - MAIN ENTRY--PERSONAL NAME | |
| Personal name | Donnellan, Craig |
| 245 10 - TITLE STATEMENT | |
| Title | Drugs in sport |
| 246 ## - | |
| -- | issues (formerly issues in the nineties) |
| 260 ## - PUBLICATION, DISTRIBUTION, ETC. | |
| Place of publication, distribution, etc. | Cambridge |
| Name of publisher, distributor, etc. | Independence |
| Date of publication, distribution, etc. | 2000 |
| 300 ## - PHYSICAL DESCRIPTION | |
| Extent | 44p. : ill |
| 350 ## - | |
| -- | 0.00 |
| 490 ## - | |
| -- | Issues |
| 650 ## - SUBJECT ADDED ENTRY--TOPICAL TERM | |
| Topical term or geographic name entry element | DRUGS--SPORT |
| 995 ## - | |
| -- | ANNEX COLLECTION (Main Library) |
| -- | 0.00 |
| -- | 735271 |
| -- | CBU-MAIN LIBRARY (Kitwe) |
| -- | 1 |
| -- | 9.00 |
| -- | RC 1230 Dru |
| -- | 1 |
| -- | AVAILABLE |
| -- | 38361 |
| -- | Annex Low-Usage Collection |
| 995 ## - | |
| -- | ANNEX COLLECTION (Main Library) |
| -- | 0.00 |
| -- | 735270 |
| -- | CBU-MAIN LIBRARY (Kitwe) |
| -- | 4 |
| -- | 9.00 |
| -- | RC 1230 Dru |
| -- | 1 |
| -- | AVAILABLE |
| -- | Apr 20, 2007 |
| -- | 38360 |
| -- | Annex Low-Usage Collection |
| 995 ## - | |
| -- | ANNEX COLLECTION (Main Library) |
| -- | 0.00 |
| -- | 735272 |
| -- | CBU-MAIN LIBRARY (Kitwe) |
| -- | 2 |
| -- | 9.00 |
| -- | RC 1230 Dru |
| -- | 2 |
| -- | AVAILABLE |
| -- | 38362 |
| -- | Annex Low-Usage Collection |
| 995 ## - | |
| -- | ANNEX COLLECTION (Main Library) |
| -- | 0.00 |
| -- | 735269 |
| -- | CBU-MAIN LIBRARY (Kitwe) |
| -- | 3 |
| -- | 9.00 |
| -- | RC 1230 Dru |
| -- | 1 |
| -- | AVAILABLE |
| -- | Apr 20, 2007 |
| -- | 38359 |
| -- | Annex Low-Usage Collection |
| 999 ## - | |
| -- | 75655 |
| -- | 75655 |
| Withdrawn status | Lost status | Source of classification or shelving scheme | Damaged status | Not for loan | Permanent Location | Current Location | Shelving location | Date acquired | Total Checkouts | Full call number | Barcode | Date last seen | Copy number | Price effective from | Koha item type |
|---|---|---|---|---|---|---|---|---|---|---|---|---|---|---|---|
| CBU-MAIN LIBRARY, KITWE. | CBU-MAIN LIBRARY, KITWE. | 04/24/2023 | RC 1230 Dru | 38361 | 04/24/2023 | 1 | 04/24/2023 | MONOGRAPH | |||||||
| CBU-MAIN LIBRARY, KITWE. | CBU-MAIN LIBRARY, KITWE. | 04/24/2023 | RC 1230 Dru | 38360 | 04/24/2023 | 2 | 04/24/2023 | MONOGRAPH | |||||||
| Withdrawn | CBU-MAIN LIBRARY, KITWE. | CBU-MAIN LIBRARY, KITWE. | 04/24/2023 | RC 1230 Dru | 38362 | 04/24/2023 | 3 | 04/24/2023 | MONOGRAPH | ||||||
| Withdrawn | CBU-MAIN LIBRARY, KITWE. | CBU-MAIN LIBRARY, KITWE. | 04/24/2023 | RC 1230 Dru | 38359 | 04/24/2023 | 4 | 04/24/2023 | MONOGRAPH |